Garantía institucional y autonomías locales / Luciano Parejo Alfonso
ISBN:
84-7088-276-7
Descripción Física:
187 p. ; 21 cm
Colección:
Estudios. Derecho público
MARC
| LEADER | 00000nam a2200000Ia 4500 | ||
|---|---|---|---|
| 001 | 18774 | ||
| 008 | 160829s1981 xx 000 0 cat d | ||
| 020 | |a 84-7088-276-7 | ||
| 080 | |a M-5-389 | ||
| 100 | |a Parejo Alfonso, Luciano |9 37265 | ||
| 245 | |a Garantía institucional y autonomías locales / Luciano Parejo Alfonso | ||
| 260 | |a Madrid : |b Instituto de Estudios de Administración Local, |c 1981 | ||
| 300 | |a 187 p. ; |c 21 cm | ||
| 490 | |a Estudios. Derecho público | ||
| 650 | |a Municipis |x Govern i administració |x Espanya |9 23379 | ||
| 650 | |a Municipis |x Alemanya |x Aspectes legals |9 45569 | ||
| 650 | 0 | |a Autonomia municipal |z Espanya |9 34464 | |
| 650 | |a Autonomia municipal |x Alemanya |9 45570 | ||
| 650 | |a Dret municipal |x Alemanya |9 45571 | ||
| 651 | 0 | |a Espanya |x Divisions administratives i polítiques |9 54247 | |
| 710 | 2 | |a Instituto de Estudios de Administración Local (Espanya) |9 54775 | |
| 901 | |a Arxiu | ||
| 942 | |n 1 | ||
| 952 | |0 0 |1 0 |4 0 |6 M5389 |7 1 |9 52678 |a Arxiu |b Arxiu |d 2016-12-01 |l 0 |o M-5-389 |p 18774 |r 2016-12-01 00:00:00 |w 2016-12-01 |y ARXIU | ||
| 999 | |c 56527 |d 56527 | ||